Study on gastro-ontestinal parasite in hores in treang koh andet and boreycholsar at takeo province, (សិក្សាពីកម្រិតរាលដាលបរាសិតខាងក្នុងរបស់សត្វសេះ នៅស្រុកទ្រំាង កោះអណ្ដែត និងបុរីជលសា ខេត្តតាកែវ) (Record no. 2605)
[ view plain ]
| 000 -LEADER | |
|---|---|
| fixed length control field | 00732nam a22001577a 4500 |
| 003 - CONTROL NUMBER IDENTIFIER | |
| control field | OSt |
| 005 - DATE AND TIME OF LATEST TRANSACTION | |
| control field | 20151024140709.0 |
| 008 - FIXED-LENGTH DATA ELEMENTS--GENERAL INFORMATION | |
| fixed length control field | 151024b xxu||||| |||| 00| 0 eng d |
| 040 ## - CATALOGING SOURCE | |
| Transcribing agency | RUA |
| 082 ## - DEWEY DECIMAL CLASSIFICATION NUMBER | |
| Classification number | AVM SOK 2012 B101 Or.1 |
| 100 ## - MAIN ENTRY--PERSONAL NAME | |
| 9 (RLIN) | 2785 |
| Personal name | SOK KIMLY |
| 245 ## - TITLE STATEMENT | |
| Title | Study on gastro-ontestinal parasite in hores in treang koh andet and boreycholsar at takeo province, (សិក្សាពីកម្រិតរាលដាលបរាសិតខាងក្នុងរបស់សត្វសេះ នៅស្រុកទ្រំាង កោះអណ្ដែត និងបុរីជលសា ខេត្តតាកែវ) |
| 260 ## - PUBLICATION, DISTRIBUTION, ETC. (IMPRINT) | |
| Place of publication, distribution, etc. | Phnom Penh |
| Name of publisher, distributor, etc. | Rua |
| Date of publication, distribution, etc. | 2012 |
| 300 ## - PHYSICAL DESCRIPTION | |
| Extent | x; 37p. |
| Other physical details | ill. |
| Dimensions | 29cm. |
| 942 ## - ADDED ENTRY ELEMENTS (KOHA) | |
| Source of classification or shelving scheme | |
| Koha item type | AVM |
| Price effective from | Date last seen | Permanent Location | Not for loan | Date acquired | Source of classification or shelving scheme | Koha item type | Lost status | Withdrawn status | Date last checked out | Total Checkouts | Shelving location | Damaged status | Barcode | Current Location | Checked out | Full call number |
|---|---|---|---|---|---|---|---|---|---|---|---|---|---|---|---|---|
| 2015-10-24 | 2015-10-24 | Library Block B | 2015-10-24 | AVM | B101 | RUA018681 | Library Block B | AVM SOK 2012 B101 Or.1 | ||||||||
| 2015-10-24 | 2015-10-24 | Library Block B | 2015-10-24 | AVM | B101 | RUA009635 | Library Block B | AVM SOK 2012 B101 Or.2 | ||||||||
| 2015-10-24 | 2015-10-24 | Library Block B | 2015-10-24 | AVM | B101 | RUA015289 | Library Block B | AVM SOK 2012 B101 Or.3 | ||||||||
| 2015-10-24 | 2015-10-24 | Library Block B | 2015-10-24 | AVM | B101 | RUA009653 | Library Block B | AVM SOK 2012 B101 Or.4 | ||||||||
| 2015-10-24 | 2015-10-24 | Library Block B | 2015-10-24 | AVM | B101 | RUA009868 | Library Block B | AVM SOK 2012 B101 Or.5 | ||||||||
| 2015-10-24 | 2015-10-24 | Library Block B | 2015-10-24 | AVM | B101 | RUA018538 | Library Block B | AVM SOK 2012 B101 Or.7 | ||||||||
| 2016-02-04 | 2016-02-04 | Library Block B | 2016-02-04 | AVM | B101 | Library Block B | AVM SOK 2012 B101 Or.1 | |||||||||
| 2016-02-04 | 2016-02-04 | Library Block B | 2016-02-04 | AVM | B101 | Library Block B | AVM SOK 2012 B101 Or.1 | |||||||||
| 2019-06-11 | 2019-06-11 | Library Block B | 2019-06-11 | AVM | B1.234 | A40241 | Library Block B | AVM SOK 2012 B1.234 Or.1 | ||||||||
| 2015-10-24 | 2026-06-19 | Library Block B | 2015-10-24 | AVM | 2026-06-19 | 2 | B101 | RUA018609 | Library Block D | 2026-07-07 | AVM SOK 2012 B101 Or.6 |